BSOP header

The poetical works of Frances Ridley Havergal. (Record no. 49253)

MARC details
000 -LEADER
fixed length control field 00969cam a2200313 i 4500
001 - CONTROL NUMBER
control field 366700
005 - DATE AND TIME OF LATEST TRANSACTION
control field 20200102164134.0
008 - FIXED-LENGTH DATA ELEMENTS--GENERAL INFORMATION
fixed length control field 830519q18801889nyu 000 1 eng d
035 ## - SYSTEM CONTROL NUMBER
System control number (CStRLIN)NJPT07886948P
035 ## - SYSTEM CONTROL NUMBER
System control number (OCoLC)ocm03967205
035 ## - SYSTEM CONTROL NUMBER
System control number 366700
040 ## - CATALOGING SOURCE
Original cataloging agency PTS
Language of cataloging eng
Description conventions rda
Transcribing agency PTS
100 1# - MAIN ENTRY--PERSONAL NAME
Personal name Havergal, Frances Ridley,
Dates associated with a name 1836-1879.
245 14 - TITLE STATEMENT
Title The poetical works of Frances Ridley Havergal.
260 ## - PUBLICATION, DISTRIBUTION, ETC. (IMPRINT)
Place of publication, distribution, etc London :
Name of publisher, distributor, etc James Nisbet & Co.,
Date of publication, distribution, etc 1884.
300 ## - PHYSICAL DESCRIPTION
Extent xi, 407 pages ;
Dimensions 19 cm.
336 ## - CONTENT TYPE
Content Type Term text
337 ## - MEDIA TYPE
Media Type Term unmediated
338 ## - CARRIER TYPE
Carrier Type Term volume
504 ## - BIBLIOGRAPHY, ETC. NOTE
Bibliography, etc Includes index.
650 #0 - SUBJECT ADDED ENTRY--TOPICAL TERM
Topical term or geographic name as entry element Christian poetry, English.
650 #0 - SUBJECT ADDED ENTRY--TOPICAL TERM
Topical term or geographic name as entry element Hymns, English.
650 #0 - SUBJECT ADDED ENTRY--TOPICAL TERM
Topical term or geographic name as entry element English poetry.
655 #7 - INDEX TERM--GENRE/FORM
Genre/form data or focus term Fiction.
Source of term lcgft
700 1# - ADDED ENTRY--PERSONAL NAME
Personal name Shaw, Frances Anna.
700 1# - ADDED ENTRY--PERSONAL NAME
Personal name Havergal, Maria V. G.
Fuller form of name (Maria Vernon Graham),
Dates associated with a name 1821-1887.
710 2# - ADDED ENTRY--CORPORATE NAME
Corporate name or jurisdiction name as entry element Benson Collection of Hymnals and Hymnology (Princeton Theological Seminary)
942 ## - ADDED ENTRY ELEMENTS (KOHA)
Source of classification or shelving scheme Library of Congress Classification
Item type Books
Holdings
Withdrawn status Lost status Source of classification or shelving scheme Materials specified (bound volume or other part) Damaged status Not for loan Home library Current library Shelving location Date acquired Inventory number Total Checkouts Full call number Barcode Date last seen Price effective from Koha item type
    Library of Congress Classification v.2     BSOP Library BSOP Library GC 01/02/2020 778   PR4759 H29p v.2 00021623 01/02/2020 01/02/2020 Books
BSOP

Biblical Seminary of the Philippines
  All rights Reserved
  © 2024

CONTACT INFORMATION

Biblical Seminary of the Philippines,
  77-B Karuhatan Road, Valenzuela City,
  PHILIPPINES 1441
  Phone: +632 8292-6795 / 8292-6798
  Fax : +632 8292-6675
  Email: library@bsop.edu.ph